Since U Been Gone - Kelly Clarkson (Missing Lyrics) - Statistics

General Stats
  • This quiz has been taken 278 times
  • The average score is 22 of 24
Answer Stats
Lyrics Missing % Correct
Yeah, yeah, ___ U been gone since
100%
Here's the thing, we started as ___ friends
99%
And all you'd ever ___ me say hear
98%
Yeah, yeah, since ___ been gone U
98%
Wasn't long 'til I called you ___ mine
97%
But since U been gone, I can ___ for the first time breathe
95%
Thanks to you now I get what I ___, since U been gone want
95%
It was ___, but it was all pretend. cool
94%
You dedicated, you took the ___ time
94%
Yeah, yeah, since U ___ gone been
93%
But since U been gone, I can breathe for the ___ time first
92%
You had your ___, you blew it chance
90%
Shut your ___, I just can't take it mouth
90%
I'm so ___ on, yeah yeah moving
90%
I even fell for that ___ love song. stupid
90%
That's ___ you'd ever hear me say all
89%
___ of sight, ___ of mind Out
88%
I'm ___ moving on, yeah yeah so
88%
How come I'd ___ hear you say "I just wanna be with you"? never
87%
___ to you now I get what I want, since U been gone Thanks
87%
I guess you never ___ that way felt
84%
___ and ___ and ___ and ___ Again
83%
Is how I ___ me with you pictured
74%
How can I ___ it? You ___ me on put
63%
No matching quizzes found
Score Distribution
Percent of People with Each Score
Percentile by Number Answered
Your Score History
You have not taken this quiz